Statistics for Dutch Overseas Territories

Click here to take the quiz!

General Stats

  • This quiz has been taken 23 times
  • The average score is 5 of 6

Answer Stats

ContinentAnswer% Correct
North AmericaAruba
100%
North AmericaCuraçao
100%
North AmericaSint Maarten
100%
North AmericaBonaire
89%
North AmericaSaba
72%
North AmericaSint Eustatius
67%

Score Distribution

Percentile by Number Answered

Percent of People with Each Score

Your Score History

You have not taken this quiz